| 000 | 01446nam a2200433Ia 4500 | ||
|---|---|---|---|
| 001 | sjds1490380 | ||
| 003 | sjds | ||
| 005 | 20240309125223.0 | ||
| 008 | 911107t19861986mx a e 000 1 spa d | ||
| 020 |
_a9687205199 (pbk.) : _c$3.95 |
||
| 020 | _a9687205199 (pbk.) | ||
| 035 | _a62782 | ||
| 035 | _a(OCoLC)18941216 | ||
| 035 | _a62782 | ||
| 040 |
_aCGP _cCGP _dIFA _dUtOrBLW |
||
| 041 | _aspa | ||
| 049 | _aIFAA | ||
| 099 | _aSPA j | ||
| 100 | 1 |
_aMuria, Anna, _eauthor. |
|
| 245 | 1 | 3 |
_aEl maravilloso viaje de Nico Huehuetl a traves de Mexico / _cAnna Muria ; ilustraciones de Felipe Davalos. |
| 260 |
_aAmecameca, Mex : _bAmaquemecan, _cc1986 |
||
| 264 | 1 |
_aAmecameca, Mex : _bAmaquemecan, _c[1986] |
|
| 264 | 4 | _cc1986 | |
| 300 |
_a116 pages : _billustrations ; _c20 cm. |
||
| 336 |
_atext _btxt _2rdacontent |
||
| 337 |
_aunmediated _bn _2rdamedia |
||
| 338 |
_avolume _bnc _2rdacarrier |
||
| 490 | 1 | _aNarrativa para jovenes | |
| 526 | 0 |
_aAccelerated Reader _bMG _c5.6 _d4.0 _z30182SP |
|
| 600 | 1 | 0 |
_aHuehuetl, Nico _xTravel _zMexico _vJuvenile fiction. |
| 600 | 1 | 0 |
_aHuehuetl, Nico _xViajes _zMexico. |
| 650 | 0 |
_aShort stories, Mexican _vJuvenile literature. |
|
| 650 | 0 | _aCuentos mexicanos. | |
| 651 | 0 |
_aMexico _xDescription and travel _vJuvenile literature. |
|
| 651 | 7 |
_aMexico _xDescripciones y viajes. _2bidex |
|
| 700 | 1 |
_aDavalos, Felipe, _eillustrator. |
|
| 830 | 0 | _aColeccion Narrativa para jovenes. | |
| 942 |
_cBK _2ddc |
||
| 999 |
_c24463 _d24463 |
||